000 01724nam1a2200301 4500
001 RU\NLR\BIBL_A\012545819
005 20240922002742.0
035 _a(RuMoRGB)010580985
035 _a(NLR Aleph) 012545819
090 _a12414368
_c12414368
100 _a20210615d2020 u y0rusy50 ca
101 0 _arus
102 _aRU
105 _a||||j||||||||
181 0 _ai3
_baxxe
182 0 _an
200 1 _aСтроительная механика в примерах и задачах
_eучебное пособие
_fС. Ю. Молдаванов, В. Е. Долгополов
_gМинистерство науки и высшего образования Российской Федерации, Федеральное государственное бюджетное образовательное учреждение высшего образования "Кубанский государственный технологический университет"
203 _aТекст
_bвизуальный
_cнепосредственный
210 _aКраснодар
_cФГБОУ ВО "Кубанский государственный технологический университет"
_d2020
215 _d21
606 1 _aСтроительная механика
_jУчебные издания для высших учебных заведений
_xЗадачи
_xРешение
_92106359
_3RU\NLR\AUTH\661273369
686 1 _aН112я73-1
700 1 _aМолдаванов
_bС. Ю.
_gСергей Юрьевич
701 1 _aДолгополов
_bВ. Е.
_gВасилий Евгеньевич
852 _aNLR
_j2021-3/13599
942 _cBOOK